Normal view
MARC view
- Dr. V Ganesn (Guide)
Entry Personal Name
001 - CONTROL NUMBER
- control field: 2324
003 - CONTROL NUMBER IDENTIFIER
- control field: OSt
005 - DATE AND TIME OF LATEST TRANSACTION
- control field: 20171220143614.0
008 - FIXED-LENGTH DATA ELEMENTS
- fixed length control field: 171220|| aca||aabn | a|a d
040 ## - CATALOGING SOURCE
- Original cataloging agency: OSt
- Transcribing agency: OSt
100 ## - HEADING--PERSONAL NAME
- Personal name: Dr. V Ganesn (Guide)
670 ## - SOURCE DATA FOUND
- Source citation: Work cat.: (OSt): AKHILA G. MOHAN LAKSHMI V. PRABHAKAR SMITHA ARAVINDAN SMITHA G. NAIR 2323, Technology for utilization of rice husk ash as an alternate material for concrete hollow blocks
